1530 1500 1262 1139 1346 1515 1410 1873 1100 1134 1043 1759 1876 1882 1993 1221 1282 1070 1269 1132 1276 1710 1869 1927 1818 1188 1312 1332 1442 1875 1358 1957 1816 1186 1237 1700 1967 1201 1993 1804 1188 1672 1940 1689 1217 1816 1658 1216 1800 1559 1721 1552 1669 1522 1880 1472 1317 1569 1148 1638 1820 1942 1225 1952 1560 1061 1771 1969 1365 1101 1816 1313 1718 1389 1138 1231 1480 1436 1330 1729 1900 1171 1404 1109 1630 1014 1784 1579 1209 1366 1995 1307 1770 1179 1131 1991 1699 1701 1301 BCNSPRNW ULIB Ver.6.0+V

เปลี่ยนเป็นภาษาไทย

Change to English
 แสดงรายละเอียดบรรณานุกรม
  กลับหน้าหลัก

Brief Record : Get Marc (ISO 2709) : E-mail record : QR code < ปิดหน้าต่าง
LEADER : 00000nam 2200000uu 4500
001    13399122887
003     ULIB
008    131025s2013||||th 000 0 tha d
020    1451175698
024    ^a9781451175691
060 04 ^aWY157.3^bR491e
100 1  ^aRicci, Susan Scott
245 10 ^aEssentials of maternity, newborn, and women''''''''s health nursing /^cSusan Scott Ricci
260    ^aPhiladelphia :^bWolters Kluwer/Lippincott Williams & Wilkins,^c2013
300    ^axxix, 928 p. :^bill. ;^c29 cm.
650  2 ^aMaternity Nursing
650  2 ^aGynecologic Nursing
650  2 ^aMaternal-Child Nursing
650  2 ^aObstetrical Nursing
650  2 ^aPregnancy Complications^xnursing
945    ^p0^l0^i034105
999    ^aเกษร โพธิ์สุวรรณ
รายการนี้ยังไม่มีแท็ก
คุณยังไม่ได้ล็อกอิน คุณสามารถมีกิจกรรมร่วมกับเว็บไซต์ได้ แต่ต้องล็อกอินก่อน ::
  ล็อกอิน

รายการสื่อสารสนเทศ

ลำดับที่ ประเภท เลขเรียก/บาร์โค้ด สถานที่ สถานะ
1. Book การพยาบาล
Book การพยาบาล
WY157.3 R491e  
  Barcode: 034105
ห้องสมุดวิทยาเขตสวรรค์ประชารักษ์
►หนังสือทั่วไป
บนชั้น

รายการใกล้เคียง
    ผู้แต่ง [Ricci, Susan Scott]

    หัวเรื่อง [Maternity Nursing]
    หัวเรื่อง [Gynecologic Nursing]
    หัวเรื่อง [Maternal-Child Nursing]
    หัวเรื่อง [Obstetrical Nursing]
    หัวเรื่อง [Pregnancy Complications nursing]

BibComment


ยังไม่เคยถูกคอมเมนท์

คอมเมนท์ทรัพยากรรายการนี้
  คอมเมนท์: Essentials of ma..


 Copyright 2026. Bcnsprnw @Library